[Event "Campo Grande Brasil op"]
[Site "Campo Grande"]
[Date "2015.10.10"]
[Round "2"]
[White "Borges, Silvio"]
[Black "Orondjian, Ivan"]
[Result "1-0"]
[WhiteElo "1613"]
[BlackElo "1800"]
[PlyCount "69"]
[EventDate "2015.10.09"]
[EventType "swiss"]
[EventRounds "7"]
[EventCountry "BRA"]
[SourceTitle "CBM 168 Extra"]
[Source "ChessBase"]
[SourceDate "2015.10.29"]
[SourceVersion "1"]
[SourceVersionDate "2015.10.29"]
[SourceQuality "1"]

1. e4 e6 2. d4 c5 3. Nf3 Nc6 4. Nc3 a6 5. Be2 h6 6. 0-0 Nf6 7. d5 Nd4 8. Nxd4 cxd4 9. Qxd4 d6 10. f4 Be7 11. Be3 Bd7 12. Rad1 Qa5 13. a3 Rc8 14. Kh1 Rc5 15. b4 Rxd5 16. bxa5 Rxd4 17. Bxd4 0-0 18. Bxf6 Bxf6 19. e5 Bd8 20. Rxd6 Bc6 21. Bf3 Bxf3 22. Rxf3 Bxa5 23. g3 Rc8 24. Rdd3 Rc4 25. Kg2 b5 26. Kf1 b4 27. axb4 Bxb4 28. Na2 Bc5 29. Rc3 Rxc3 30. Nxc3 a5 31. Na4 Bb4 32. Rd3 Kf8 33. c4 Ke8 34. c5 g6 35. c6 1-0

[Event "Campo Grande Brasil op"]
[Site "Campo Grande"]
[Date "2015.10.09"]
[Round "1"]
[White "Orondjian, Ivan"]
[Black "Kina, Caio Garcia"]
[Result "0-1"]
[WhiteElo "1800"]
[BlackElo "1878"]
[PlyCount "66"]
[EventDate "2015.10.09"]
[EventType "swiss"]
[EventRounds "7"]
[EventCountry "BRA"]
[SourceTitle "CBM 168 Extra"]
[Source "ChessBase"]
[SourceDate "2015.10.29"]
[SourceVersion "1"]
[SourceVersionDate "2015.10.29"]
[SourceQuality "1"]

1. e4 c5 2. Bc4 Nc6 3. Nf3 e6 4. d3 Nge7 5. a3 d5 6. exd5 exd5 7. Ba2 Bg4 8. Nbd2 g6 9. 0-0 Bg7 10. Qe1 0-0 11. c3 Re8 12. h3 Bf5 13. d4 cxd4 14. cxd4 Bd3 15. Ng5 Nf5 16. Qd1 Bxf1 17. Nxf1 Ncxd4 18. f4 h6 19. Nf3 Ne2+ 20. Kh2 Rc8 21. Bd2 Bxb2 22. Rb1 Qf6 23. Bxd5 Rcd8 24. Bxf7+ Qxf7 25. Rxb2 Nxf4 26. Qc1 Nd3 27. Qb1 Nxb2 28. Qxb2 Re2 29. Qc1 Qd5 30. Ng3 Qxf3 31. Nxe2 Qxe2 32. Bxh6 Nxh6 33. Qxh6 Qe5+ 0-1